Kompetencie a ich skvalitňovanie v procese vzdelávania v SR
Informácia o mieste, úlohách a cieľoch skvalitňovania a rozvoja kompetencií vo vzdelávacom procese v intenciách zmien, ktoré sa v systéme vzdelávania postupne realizujú po vstupe SR do Európskej únie.
Gespeichert in:
| 1. Verfasser: | |
|---|---|
| Format: | Buchkapitel |
| Sprache: | Slowakisch |
| Schlagworte: | |
| Tags: |
Keine Tags, Fügen Sie das erste Tag hinzu!
|
MARC
| LEADER | 00000nla$a2200000$$$4500 | ||
|---|---|---|---|
| 001 | 0103787 | ||
| 005 | 20240502072130.2 | ||
| 041 | 0 | |a slo | |
| 044 | |a SK | ||
| 245 | 1 | 0 | |a Kompetencie a ich skvalitňovanie v procese vzdelávania v SR |c Miroslava Szarková |
| 520 | |a Informácia o mieste, úlohách a cieľoch skvalitňovania a rozvoja kompetencií vo vzdelávacom procese v intenciách zmien, ktoré sa v systéme vzdelávania postupne realizujú po vstupe SR do Európskej únie. | ||
| 610 | 2 | 0 | |a kompetencie |
| 610 | 2 | 0 | |a vzdelávanie celoživotné |
| 610 | 2 | 0 | |a komunikácia |
| 610 | 2 | 0 | |a trh práce |
| 610 | 2 | 0 | |a Slovensko |
| 610 | 2 | 0 | |a vzdelávanie |
| 610 | 2 | 0 | |a Európska únia |
| 100 | 1 | |a Szarková, Miroslava, 1951- | |